Countries that failed to qualify for the 2018 FIFA World Cup - Statistics

General Stats
  • This quiz has been taken 1,873 times
  • The average score is 20 of 23
Answer Stats
Hint Answer % Correct
Gianluigi Buffon & Giorgio Chiellini (Europe) Italy
97%
Alexis Sanchez & Arturo Vidal (South America) Chile
96%
Arjen Robben & Kevin Strootman (Europe) Netherlands
95%
Riyad Mahrez & Yacine Brahimi (Africa) Algeria
94%
John Brooks & Christian Pulisic (North America) United States
94%
Gareth Bale & Aaron Ramsey (Europe) Wales
94%
David Alaba & Marko Arnautovic (Europe) Austria
92%
Miralem Pjanic & Edin Dzeko (Europe) Bosnia and Herzegovina
92%
Joel Matip & Samuel Eto'o (Africa) Cameroon
92%
Sokratis & Kostas Manolas (Europe) Greece
92%
Petr Cech & Vladimir Darida (Europe) Czech Republic
91%
Seamus Coleman & James McCarthy (Europe) Ireland
91%
Antonio Valencia & Christian Noboa (South America) Ecuador
89%
Kevin-Prince Boateng & Andre Ayew (Africa) Ghana
89%
Samir Handanovic & Jan Oblak (Europe) Slovenia
89%
Eric Bailly & Yaya Toure (Africa) Ivory Coast
88%
Marek Hamsik & Martin Skrtel (Europe) Slovakia
88%
Marlos & Andriy Yarmolenko (Europe) Ukraine
87%
Omer Toprak & Arda Turan (Europe) Turkey
86%
Antonio Sanabria & Miguel Almiron (South America) Paraguay
83%
Stefan Savic & Stevan Jovetic (Europe) Montenegro
75%
Stefan Radu & Florin Andone (Europe) Romania
74%
Naby Keita & Ibrahima Traore (Africa) Guinea
56%
No matching quizzes found
Score Distribution
Percent of People with Each Score
Percentile by Number Answered
Your Score History
You have not taken this quiz